000 00579nam a2200241 a 4500
001 nice12345678
003 IN_TiNIC
005 20260116011425.0
008 050524s1904 laha grs 000 0 49g
020 _a
_c100
082 0 0 _a224
_bISM
100 _aIsmail, M
245 _aRibqa
_b Rebeeca
260 _aLahore
_bPunjab Religious Booksociety
_c1904
300 _a40p
500 _aincludes index and biblioraphy
505 2 _aHand Written Manuscript
650 _aBible O.T. Prophets
700 1 _aIsmail, M
902 _bSRS
942 _cPS
999 _c1397
_d1397